[Event "23rd OIBM 2019"]
[Site "Gmund am Tegernsee"]
[Date "2019.10.31"]
[Round "6.35"]
[White "Maruntis, Patrik-Robert"]
[Black "Nebolsina, Vera"]
[Result "1/2-1/2"]
[WhiteElo "1707"]
[BlackElo "2252"]
[Annotator "TA"]
[PlyCount "116"]
[EventDate "2019.10.17"]
[EventType "swiss"]
[EventCountry "GER"]
[SourceTitle "playchess.com"]
[Source "ChessBase"]
[SourceQuality "1"]

{[%evp 9,116,-10,-2,-6,0,-10,-11,-19,-15,-66,-62,-89,-90,-107,-104,-125,-64,-87,-77,-65,-66,-76,-42,-49,-42,-70,-38,-35,-29,-62,0,0,5,12,55,20,29,0,20,-10,0,-79,-2,-11,0,0,7,0,0,0,0,0,0,-5,41,0,0,-57,-33,-64,-72,-92,-15,-12,0,0,0,0,0,0,0,-206,-206,-252,0,0,51,-29,445,445,717,691,1155,1130,864,0,0,0,0,0,0,0,0,0,0,0,0,0,0,0,8,0,67,0,0,0,0,0,0]} 1. e4 g6 2. Nf3 Bg7 3. c4 (3. d4 d6 4. Be3 Nf6 5. Nc3 O-O 6. Qd2 Nc6 7. d5 Nb8 8. Bh6 c6 9. Bxg7 Kxg7 10. O-O-O cxd5 11. exd5 Bg4 12. Be2 Nbd7 13. Rhe1 Rc8 14. Nd4 Bxe2 15. Rxe2 {0-1 (36) Giri,A (2780)-Xiong,J (2707) Khanty-Mansiysk 2019}) 3... d6 4. Be2 e5 5. Nc3 c5 6. d3 {B06: Modern Defence} Nc6 7. Be3 Nge7 8. Qd2 h6 9. O-O-O $146 ({White should play} 9. Qd1 $11) ({Predecessor:} 9. h4 f5 10. g3 {0-1 (29) Reddmann,H (2322)-Landa,K (2608) Hamburg 2007}) 9... a6 $15 10. Nh4 b5 11. g3 b4 12. Nd5 Nxd5 (12... a5 $1 $17 13. f4 exf4 14. gxf4 a4) 13. cxd5 Nd4 14. Bxd4 exd4 15. Kb1 Bf6 16. Ng2 Bh3 17. Nf4 Bg5 18. Bf1 Bg4 19. Be2 Bxf4 (19... Bd7 $15) 20. gxf4 $11 Bd7 21. h4 Qf6 22. Rde1 O-O-O 23. Bf1 Rde8 24. Bg2 Kb8 25. a3 (25. e5 $11 Qd8 26. Qc2) 25... a5 (25... bxa3 $17 26. bxa3 Ka7) 26. Rc1 Bb5 27. e5 Qd8 28. h5 g5 29. Be4 gxf4 30. exd6 Qxd6 31. Rh4 {[#]} f5 $1 {[%mdl 512]} 32. Bf3 {[%mdl 1024] White has compensation.} (32. Bxf5 Rhf8) 32... Ka7 33. Rd1 (33. b3 $11) 33... Ba4 34. Rc1 Rb8 35. Ka1 Qb6 ({Black should try} 35... Rb5 $17 36. Qxf4 Qd7) 36. Rhh1 Ka6 37. Rce1 Bd7 38. Re7 Qb5 39. Qc1 Rhe8 40. Rg7 $2 (40. Rh7 $11) 40... bxa3 $19 41. bxa3 {[%cal Bb2a3,Ba3a4][%mdl 32]} Rb7 $2 (41... Qxd3 $19 42. Rg6+ (42. Rxd7 $2 Rb3 $19) 42... Rb6) 42. Qc2 Reb8 (42... Qb3 $11 43. Rg6+ Ka7 $1 {[%mdl 512]} 44. Qxc5+ Kb8 45. Qd6+ Ka8 46. Qa6+ Kb8 47. Qd6+ Ka8 48. Qa6+ Kb8 49. Qd6+) 43. Rhg1 {[#]} (43. d6 $1 $14 Bc6 44. Rxb7 Qxb7 45. Qc4+ Ka7 46. Qxc5+ {[%mdl 64] Double Attack} Qb6 47. Qxb6+ Rxb6 48. Bxc6 Rxc6 49. d7) 43... Ka7 $2 {[%mdl 8192] [#]} (43... c4 $1 $11 {[%mdl 512] and Black has nothing to worry.} 44. Qxc4 (44. dxc4 Qc5 $15) 44... Qxc4 45. dxc4 a4) 44. d6 $1 $18 Rb6 (44... Bc6 $142) 45. a4 $1 {[%cal Ra4b5]} Qb4 {( -> ...Qa3+)} 46. Rxd7+ Ka6 47. Qc4+ $2 (47. Bd5 $18 {Threatens to win with Bc4+.} Qa3+ 48. Ba2) 47... Qxc4 $11 48. dxc4 {Strongly threatening Rc7.} Rb3 $36 {[%cal Rb3a3][%mdl 2048] Black is pushing.} 49. Ka2 {aiming for Bc6.} Rxf3 {[%mdl 4096] Endgame KRR-KRR} 50. Rc7 $1 {d7 is the strong threat.} Rxf2+ 51. Ka1 {Black must now prevent d7.} Rf3 {[%cal Rf3a3]} 52. Ka2 {And now d7 would win.} Rg3 53. Rc6+ Kb7 54. Rc7+ Ka8 55. Re1 Re3 (55... Rd8 $11) 56. Rg1 (56. Rb1 $1 $14 Re2+ 57. Ka1) 56... Re2+ {The position is equal.} 57. Ka1 Re3 {[%cal Re3a3]} (57... f3 $5 58. Rgg7 $8 Re1+ 59. Ka2 Re2+ 60. Ka3 Re3+ 61. Ka2 Re2+ 62. Ka3 Re3+ 63. Ka2 Re2+ $11) 58. Ka2 Re2+ {Accuracy: White = 44%, Black = 35%.} 1/2-1/2

[Event "23rd OIBM 2019"]
[Site "Gmund am Tegernsee"]
[Date "2019.10.31"]
[Round "6.36"]
[White "Zysk, Robert"]
[Black "Lohvinov, Petro"]
[Result "1-0"]
[WhiteElo "2412"]
[BlackElo "2117"]
[Annotator "TA"]
[PlyCount "119"]
[EventDate "2019.10.17"]
[EventType "swiss"]
[EventCountry "GER"]
[SourceTitle "playchess.com"]
[Source "ChessBase"]
[SourceQuality "1"]

{[%evp 16,119,12,-1,58,35,47,51,59,41,23,47,31,27,102,111,125,128,143,134,116,125,124,127,124,124,124,124,129,123,137,126,255,204,229,204,199,200,245,220,245,235,245,241,296,271,245,245,315,317,308,312,306,245,356,379,384,362,395,234,232,229,355,380,401,383,389,386,359,303,415,409,372,355,433,410,689,689,681,677,662,576,1030,862,978,840,29973,29973,29971,2148,29975,29975,29973,6544,29982,29983,29983,29984,29984,29985,29985,29986,29986,29983,29983,29984]} 1. Nf3 Nf6 2. c4 g6 3. d4 Bg7 4. g3 O-O 5. Bg2 d6 6. O-O Nbd7 7. Nc3 e5 8. e3 Re8 9. b3 Qe7 {E67: King's Indian: Fianchetto: 6...Nbd7} (9... c6 $11) (9... c6 10. Ba3 e4 11. Nd2 d5 12. Qc1 a6 13. cxd5 cxd5 14. Na4 b5 15. Nc5 Nb8 16. b4 h5 17. h3 Ra7 18. Qd1 {0-1 (34) Huzman,A (2580)-Vishnu,P (2518) St Petersburg 2018}) 10. Ba3 a6 $146 ({Predecessor:} 10... h5 11. Rc1 exd4 12. exd4 Bh6 13. Rc2 Nf8 14. Bc1 Bg7 15. Re2 Qd8 16. Rxe8 Qxe8 17. Re1 {1-0 (37) Mona,K (2121)-Mudongo,B (1862) Istanbul 2012}) 11. Rc1 Rb8 {White is slightly better.} 12. dxe5 (12. c5 $5 {[%cal Rc5d6]} d5 13. dxe5 Nxe5 14. Nxe5 (14. Nxd5 Nxd5 15. Qxd5 Rd8 $11) 14... Qxe5 15. Nxd5 $14) 12... Nxe5 13. Nxe5 Qxe5 14. Nd5 Nxd5 (14... c5 $1 $11 {remains equal.}) 15. cxd5 $16 Re7 16. Rc4 Qf5 17. Qc1 Qd7 {[#]} 18. Rxc7 $1 {[%mdl 576] Remove Defender} Qxc7 19. Qxc7 Rxc7 20. Bxd6 Rc2 {Threatens to win with ...Ra8.} 21. Bxb8 Rxa2 22. Rc1 Bd7 23. h4 h5 (23... Ra1 $16 {was necessary.} 24. Rxa1 Bxa1) 24. d6 {aiming for Rc7.} Bf6 25. Bd5 Rd2 26. Bxb7 Bb5 27. Bf3 Kg7 28. Bc7 Be5 29. Rd1 Rxd1+ 30. Bxd1 $18 {[%mdl 4096] Endgame KBB-KBB} Kf8 31. f4 Bf6 32. Bb6 Ke8 33. e4 Bc3 34. Kf2 Bb4 (34... Bd7 $142 35. Bc5 Kd8) 35. e5 Bd7 36. Be2 a5 37. Bd1 (37. Be3 $142) 37... Be6 38. Bc2 Bd7 (38... Kd7 {was worth a try.} 39. Bd4 Kc6) 39. Be3 Bc3 40. Bc5 Be6 41. Bd3 Bd7 42. Bc4 Bd2 43. Ke2 Bc3 44. Bf2 Bb4 45. Bd5 a4 (45... Bb5+ $142 46. Kf3 Bd7) 46. bxa4 Bxa4 47. Kd3 Bb5+ 48. Kd4 Bd7 49. Kc4 Ba5 50. Kc5 Bd8 51. Bc6 Ba5 52. Kb5 Bc3 53. Kb6 Ba5+ 54. Kb7 Kd8 55. Bb6+ {White mates.} Bxb6 56. Kxb6 Be6 57. Kc5 Bf5 58. Bd5 Ke8 59. Kb6 Kd7 60. Bxf7 {Accuracy: White = 81%, Black = 30%.} 1-0

[Event "23rd OIBM 2019"]
[Site "Gmund am Tegernsee"]
[Date "2019.10.31"]
[Round "6.37"]
[White "Manu David Suthandram R"]
[Black "Koch, Yannick"]
[Result "1-0"]
[WhiteElo "2403"]
[BlackElo "2109"]
[Annotator "RC"]
[PlyCount "75"]
[EventDate "2019.10.17"]
[EventType "swiss"]
[EventCountry "GER"]
[SourceTitle "playchess.com"]
[Source "ChessBase"]
[SourceQuality "1"]
[TimeControl "40/5400+30:1800+30"]

1. e4 {[%emt 0:00:00]} c5 {[%emt 0:00:00]} 2. Nf3 {[%emt 0:00:06]} e6 {[%emt 0:00:00]} 3. Nc3 {[%emt 0:00:12]} Nc6 {[%emt 0:00:28]} 4. Bb5 {[%emt 0:00:19]} Nd4 {[%emt 0:00:32]} 5. Bd3 {[%emt 0:00:39]} Ne7 {[%emt 0:01:15]} 6. Nxd4 {[%emt 0:01:10]} cxd4 {[%emt 0:00:09]} 7. Ne2 {[%emt 0:05:30]} Nc6 {[%emt 0:00:34]} 8. O-O {[%emt 0:00:36]} Bc5 {[%emt 0:11:08]} 9. c3 {[%emt 0:01:57]} O-O {[%emt 0:03:15]} 10. Qc2 {[%emt 0:06:20]} dxc3 {[%emt 0:06:47]} 11. dxc3 {[%emt 0:01:26]} e5 {[%emt 0:06:20]} 12. b4 {[%emt 0:13:38]} Bb6 {[%emt 0:01:09]} 13. Kh1 {[%emt 0:02:27]} d6 {[%emt 0:07:14]} 14. f4 {[%emt 0:00:13]} exf4 {[%emt 0:02:21]} 15. Nxf4 {[%emt 0:07:53]} Ne5 {[%emt 0:02:28]} 16. Nd5 {[%emt 0:05:18]} Be6 {[%emt 0:03:00]} 17. Bf4 {[%emt 0:00:25]} a5 {[%emt 0:06:19]} 18. Bb5 {[%emt 0:09:15]} Rc8 {[%emt 0:06:57]} 19. Qd2 {[%emt 0:06:19]} Bxd5 {[%emt 0:10:00]} 20. exd5 {[%emt 0:13:47]} axb4 {[%emt 0:08:56]} 21. cxb4 {[%emt 0:00:08]} Qh4 {[%emt 0:00:13]} 22. Bg5 {[%emt 0:04:29]} Qd4 {[%emt 0:04:00]} 23. Rad1 {[%emt 0:10:29]} Qxd2 {[%emt 0:02:06]} 24. Rxd2 {[%emt 0:00:05]} f6 {[%emt 0:00:37]} 25. Bf4 {[%emt 0:00:54]} Rc3 {[%emt 0:04:24]} 26. h3 {[%emt 0:00:04]} Rfc8 {[%emt 0:05:10]} 27. Kh2 {[%emt 0:01:35]} Be3 {[%emt 0:00:32]} 28. Bxe3 {[%emt 0:01:19]} Rxe3 {[%emt 0:00:02]} 29. Rff2 {[%emt 0:01:11]} Re4 {[%emt 0:01:14]} 30. Rc2 {[%emt 0:00:42]} Nc4 {[%emt 0:03:49]} 31. a4 {[%emt 0:01:25]} Nb6 {[%emt 0:00:35]} 32. a5 {[%emt 0:00:40]} Rxc2 {[%emt 0:01:03]} 33. Rxc2 {[%emt 0:00:06]} Rxb4 {[%emt 0:01:07]} 34. Bd3 {[%emt 0:01:33]} Rd4 {[%emt 0:00:56]} 35. Rd2 {[%emt 0:00:31]} Rxd3 {[%emt 0:01:29]} 36. Rxd3 {[%emt 0:00:06]} Nd7 {[%emt 0:00:20]} 37. Rb3 {[%emt 0:00:16]} Nc5 38. Rc3 1-0

[Event "23rd OIBM 2019"]
[Site "Gmund am Tegernsee"]
[Date "2019.10.31"]
[Round "6.38"]
[White "Piscopo, Pierluigi"]
[Black "Thiel, Fabian"]
[Result "1/2-1/2"]
[WhiteElo "2398"]
[BlackElo "2109"]
[Annotator "TA"]
[PlyCount "55"]
[EventDate "2019.10.17"]
[EventType "swiss"]
[EventCountry "GER"]
[SourceTitle "playchess.com"]
[Source "ChessBase"]
[SourceQuality "1"]

{[%evp 9,55,37,62,63,61,55,54,44,45,43,58,17,67,50,51,45,89,78,81,72,62,58,105,99,82,54,54,58,56,6,48,6,12,8,18,0,12,11,10,0,2,0,0,0,0,0,5,0]} 1. c4 g6 2. Nc3 e5 3. d4 Bg7 4. dxe5 Bxe5 5. Nf3 Bg7 6. e4 {A21: English Opening: 1...e5 2 Nc3} Ne7 7. Be3 (7. h4 h6 8. Be3 d6 9. c5 dxc5 10. Qxd8+ Kxd8 11. O-O-O+ {1-0 (40) Maksimenko,A (2484)-Fernandez,D (2465) Dublin 2019}) 7... d6 8. c5 $146 {White is slightly better.} ({Predecessor:} 8. Qd2 O-O 9. Bh6 Nbc6 10. Bxg7 Kxg7 11. Nd5 Bg4 12. Qc3+ f6 13. Nf4 g5 14. Nxg5 {1-0 (21) Batzianoulis,P-Papadoulis,V Thessalias 2007}) 8... O-O 9. cxd6 cxd6 10. Be2 Be6 11. O-O d5 12. Nd4 Bc8 13. exd5 Nxd5 14. Nxd5 Qxd5 15. Nb5 Qxd1 16. Raxd1 {[#] And now Nc7 would win.} Nc6 17. b4 {Nc7 is the strong threat.} Be5 18. f4 Bb8 19. Bf3 {With the idea Bc5.} Be6 20. Nd6 Bxd6 {The position is equal.} 21. Rxd6 Nxb4 22. Rb1 Nxa2 23. Rxb7 Rad8 24. Bc5 Nc3 25. Rxd8 Rxd8 26. Rxa7 Bd5 27. Be7 Re8 28. Bf6 {Accuracy: White = 46%, Black = 69%.} 1/2-1/2

[Event "23rd OIBM 2019"]
[Site "Gmund am Tegernsee"]
[Date "2019.10.31"]
[Round "6.39"]
[White "Juergens, Klaus"]
[Black "Soham Das"]
[Result "1-0"]
[WhiteElo "2121"]
[BlackElo "2376"]
[Annotator "RC"]
[PlyCount "65"]
[EventDate "2019.10.17"]
[EventType "swiss"]
[EventCountry "GER"]
[SourceTitle "playchess.com"]
[Source "ChessBase"]
[SourceQuality "1"]
[TimeControl "40/5400+30:1800+30"]

1. Nf3 {[%emt 0:00:00]} f5 {[%emt 0:00:05]} 2. c4 {[%emt 0:00:00]} Nf6 {[%emt 0:00:17]} 3. g3 {[%emt 0:00:07]} g6 {[%emt 0:00:05]} 4. Bg2 {[%emt 0:00:10]} Bg7 {[%emt 0:00:06]} 5. O-O {[%emt 0:00:10]} O-O {[%emt 0:00:04]} 6. Nc3 {[%emt 0:00:23]} d6 {[%emt 0:00:13]} 7. d4 {[%emt 0:00:16]} c6 {[%emt 0:00:06]} 8. b3 {[%emt 0:04:17]} Qa5 {[%emt 0:00:38]} 9. Bd2 {[%emt 0:03:49]} Qc7 {[%emt 0:00:06]} 10. Rc1 {[%emt 0:02:56]} e5 {[%emt 0:05:07]} 11. dxe5 {[%emt 0:07:44]} dxe5 {[%emt 0:00:21]} 12. Qc2 {[%emt 0:18:16]} Na6 {[%emt 0:06:49]} 13. Rcd1 {[%emt 0:00:31]} Qe7 {[%emt 0:21:39]} 14. Qc1 {[%emt 0:06:23]} e4 {[%emt 0:18:59]} 15. Nd4 {[%emt 0:05:06]} Rd8 {[%emt 0:00:09]} 16. Bg5 {[%emt 0:00:40]} Qf8 {[%emt 0:01:17]} 17. f3 {[%emt 0:04:28]} h6 {[%emt 0:07:38]} 18. Be3 {[%emt 0:00:21]} g5 {[%emt 0:25:33]} 19. fxe4 {[%emt 0:07:32]} Ng4 {[%emt 0:00:01]} 20. Nxf5 {[%emt 0:01:21]} Bxf5 {[%emt 0:02:51]} 21. exf5 {[%emt 0:09:07]} Qe7 {[%emt 0:04:57]} 22. Ne4 {[%emt 0:01:54]} Bb2 {[%emt 0:03:27]} 23. Rxd8+ {[%emt 0:09:27]} Rxd8 {[%emt 0:00:30]} 24. Qxb2 {[%emt 0:00:51]} Nxe3 {[%emt 0:00:05]} 25. f6 {[%emt 0:00:43]} Qf7 {[%emt 0:00:33]} 26. Rf3 {[%emt 0:01:10]} Nd1 {[%emt 0:00:52]} 27. Qe5 {[%emt 0:00:48]} Re8 {[%emt 0:00:31]} 28. Qf5 {[%emt 0:00:27]} Rd8 {[%emt 0:00:30]} 29. c5 {[%emt 0:03:06]} Rd5 {[%emt 0:00:30]} 30. Qc8+ {[%emt 0:01:33]} Qf8 {[%emt 0:00:30]} 31. f7+ {[%emt 0:01:49]} Kg7 {[%emt 0:00:07]} 32. Qxf8+ {[%emt 0:00:39]} Kxf8 {[%emt 0:00:01]} 33. Nf6 {[%emt 0:00:15]} 1-0

[Event "23rd OIBM 2019"]
[Site "Gmund am Tegernsee"]
[Date "2019.10.31"]
[Round "6.40"]
[White "Schatz, Dieter"]
[Black "Weber, Ulrich"]
[Result "0-1"]
[WhiteElo "2113"]
[BlackElo "2360"]
[Annotator "RC"]
[PlyCount "88"]
[EventDate "2019.10.17"]
[EventType "swiss"]
[EventCountry "GER"]
[SourceTitle "playchess.com"]
[Source "ChessBase"]
[SourceQuality "1"]
[TimeControl "40/5400+30:1800+30"]

1. e4 {[%emt 0:00:00]} g6 {[%emt 0:00:00]} 2. Nc3 {[%emt 0:00:00]} Bg7 {[%emt 0:00:00]} 3. g3 {[%emt 0:00:13]} c5 {[%emt 0:00:00]} 4. Bg2 {[%emt 0:00:07]} Nc6 {[%emt 0:00:03]} 5. Nge2 {[%emt 0:00:54]} d6 {[%emt 0:01:37]} 6. d3 {[%emt 0:02:03]} e6 {[%emt 0:00:13]} 7. O-O {[%emt 0:02:04]} Nge7 {[%emt 0:00:06]} 8. Be3 {[%emt 0:01:01]} Nd4 {[%emt 0:00:59]} 9. Qd2 {[%emt 0:12:59]} O-O {[%emt 0:01:19]} 10. Nd1 {[%emt 0:00:19]} Nec6 {[%emt 0:09:15]} 11. c3 {[%emt 0:03:42]} Nxe2+ {[%emt 0:00:17]} 12. Qxe2 {[%emt 0:00:03]} Qd7 {[%emt 0:07:26]} 13. h4 {[%emt 0:06:37]} b6 {[%emt 0:01:02]} 14. h5 {[%emt 0:04:35]} Ba6 {[%emt 0:02:09]} 15. h6 {[%emt 0:01:14]} Bh8 {[%emt 0:00:54]} 16. f4 {[%emt 0:00:20]} d5 {[%emt 0:10:20]} 17. Nf2 {[%emt 0:08:10]} dxe4 {[%emt 0:04:15]} 18. Bxe4 {[%emt 0:00:09]} Rad8 {[%emt 0:00:19]} 19. Rfd1 {[%emt 0:00:11]} Rfe8 {[%emt 0:02:24]} 20. Qf3 {[%emt 0:04:43]} Ne7 {[%emt 0:10:04]} 21. Qg2 {[%emt 0:06:07]} Nd5 {[%emt 0:06:35]} 22. Bd2 {[%emt 0:02:49]} Qc7 {[%emt 0:07:00]} 23. Re1 {[%emt 0:03:01]} Nf6 {[%emt 0:07:21]} 24. Rad1 {[%emt 0:07:40]} Re7 {[%emt 0:07:36]} 25. Bc1 {[%emt 0:03:58]} Nxe4 {[%emt 0:06:12]} 26. dxe4 {[%emt 0:00:21]} Red7 {[%emt 0:00:41]} 27. Qf3 {[%emt 0:00:15]} Bb7 {[%emt 0:00:21]} 28. Rxd7 {[%emt 0:01:52]} Rxd7 {[%emt 0:00:08]} 29. Rd1 {[%emt 0:00:09]} f5 {[%emt 0:00:40]} 30. Rxd7 {[%emt 0:01:39]} Qxd7 {[%emt 0:00:01]} 31. Qe3 {[%emt 0:00:25]} fxe4 {[%emt 0:01:27]} 32. Bd2 {[%emt 0:02:52]} Qd5 {[%emt 0:01:14]} 33. a3 {[%emt 0:00:39]} Kf8 {[%emt 0:03:06]} 34. g4 {[%emt 0:01:12]} Bf6 {[%emt 0:00:45]} 35. Kh2 {[%emt 0:05:18]} Be7 {[%emt 0:01:09]} 36. Kg3 {[%emt 0:00:40]} Bd6 {[%emt 0:00:33]} 37. Kh4 {[%emt 0:02:29]} e5 {[%emt 0:04:13]} 38. f5 {[%emt 0:01:36]} Be7+ {[%emt 0:00:46]} 39. f6 {[%emt 0:03:27]} Bxf6+ {[%emt 0:00:05]} 40. g5 {[%emt 0:00:04]} Be7 {[%emt 0:00:16]} 41. Ng4 {[%emt 0:30:29]} Bc8 {[%emt 0:35:57]} 42. Qf2+ {[%emt 0:01:23]} Bf5 {[%emt 0:00:00]} 43. Ne3 {[%emt 0:00:00]} Bxg5+ {[%emt 0:00:00]} 44. Kg3 {[%emt 0:00:00]} Bf4+ {[%emt 0:00:00]} 0-1

[Event "23rd OIBM 2019"]
[Site "Gmund am Tegernsee"]
[Date "2019.10.31"]
[Round "6.41"]
[White "Melde, Christian"]
[Black "De Ruijter, Luuk"]
[Result "0-1"]
[WhiteElo "1981"]
[BlackElo "2214"]
[Annotator "TA"]
[PlyCount "66"]
[EventDate "2019.10.17"]
[EventType "swiss"]
[EventCountry "GER"]
[SourceTitle "playchess.com"]
[Source "ChessBase"]
[SourceQuality "1"]

{[%evp 16,66,9,0,0,0,8,0,0,-28,-28,-27,-27,-39,-31,-117,-22,-57,-54,-58,-56,-67,-64,-65,-54,-75,-35,-41,0,0,0,-119,-110,-136,-18,-23,-30,-22,-19,-153,-138,-210,-195,-196,-194,-1087,-695,-29988,-29989,-29989,-29990,-29990,-29991]} 1. Nf3 Nf6 2. d4 e6 3. e3 b6 4. Nbd2 Bb7 5. Bd3 d5 6. O-O Nbd7 7. b3 Be7 8. Bb2 O-O 9. Ne5 Nxe5 {D05: Colle System with ...e6} (9... Ne4 10. Nxd7 Qxd7 11. f3 Nxd2 12. Qxd2 f5 13. f4 c5 14. Rad1 Rac8 15. c4 Rfd8 16. Qe2 Qe8 {½-½ (16) Starostits,I (2458)-Strikovic,A (2488) Elgoibar 2018}) 10. dxe5 Nd7 11. f4 Nc5 {The position is equal.} 12. Qh5 $146 {[%csl Gd3][%cal Rh5h7]} ({Predecessor:} 12. Be2 f6 13. Nf3 Nd7 14. Nd4 Nc5 15. b4 fxe5 16. fxe5 Rxf1+ 17. Qxf1 {0-1 (50) Nguyen,T (2321)-Mamedjarova,Z (2363) Riadh 2017}) 12... Nxd3 13. cxd3 Ba6 14. Qe2 Qd7 15. Rf3 ({Better is} 15. Rfc1 $15) 15... f5 (15... Qb5 $1 $17 16. Rc1 Qxd3 17. Qxd3 Bxd3) 16. Rh3 g6 17. Nf3 c5 18. Kh1 Rac8 19. Rd1 Qb5 20. Qf2 Rcd8 21. Qg3 Qa5 22. Rh6 $1 {[%cal Rh6g6]} Rf7 23. Ng5 (23. Rxg6+ $1 $11 hxg6 24. Qxg6+ Kf8 25. Qxe6) 23... Bxg5 $1 $17 24. Qxg5 {[#]} Re8 ({Black should play} 24... Rdf8 $1 $17 25. h4 Rg7) 25. h4 $1 $11 {[%cal Rh4h5] h5 is the strong threat.} Rg7 $36 {[%mdl 2048] Threatens to win with ...Bxd3! Black has some pressure.} 26. h5 $1 {[%cal Rh5g6]} gxh5 ({Avoid the trap} 26... Qxa2 $2 27. hxg6 Qxb3 28. Ra1 $18) 27. Qxh5 (27. Qh4 $11 {keeps the balance.}) 27... Ree7 $17 28. Qh4 (28. Qe2 $17) 28... Qxa2 $19 {[%mdl 64] Double Attack} 29. Rd2 Bb5 ({Inferior is} 29... Qxb3 {[#]} 30. Rxe6 $3 {[%mdl 512]} Rxe6 31. Qd8+ Kf7 32. Qd7+ Re7 33. e6+ Kg6 34. Bxg7 $14) 30. g4 $2 (30. Rh5) 30... Rxg4 {( -> ...Qb1+)} 31. Rg2 Qb1+ {[%mdl 64] Double Attack. Black mates.} 32. Kh2 Rxg2+ 33. Kxg2 Rg7+ {Accuracy: White = 36%, Black = 65%.} 0-1

[Event "23rd OIBM 2019"]
[Site "Gmund am Tegernsee"]
[Date "2019.10.31"]
[Round "6.42"]
[White "Fiedorek, Michal"]
[Black "Parvanyan, Alfred"]
[Result "1-0"]
[WhiteElo "2343"]
[BlackElo "2107"]
[Annotator "RC"]
[PlyCount "119"]
[EventDate "2019.10.17"]
[EventType "swiss"]
[EventCountry "GER"]
[SourceTitle "playchess.com"]
[Source "ChessBase"]
[SourceQuality "1"]
[TimeControl "40/5400+30:1800+30"]

1. e4 {[%emt 0:00:00]} c5 {[%emt 0:00:00]} 2. Nf3 {[%emt 0:00:00]} Nc6 {[%emt 0:00:06]} 3. d4 {[%emt 0:00:00]} cxd4 {[%emt 0:00:07]} 4. Nxd4 {[%emt 0:00:00]} Nf6 {[%emt 0:00:08]} 5. Nc3 {[%emt 0:00:14]} e5 {[%emt 0:00:13]} 6. Ndb5 {[%emt 0:00:33]} d6 {[%emt 0:00:14]} 7. Nd5 {[%emt 0:00:23]} Nxd5 {[%emt 0:00:14]} 8. exd5 {[%emt 0:00:08]} Nb8 {[%emt 0:00:04]} 9. a4 {[%emt 0:00:33]} Be7 {[%emt 0:05:01]} 10. Be2 {[%emt 0:00:58]} O-O {[%emt 0:00:30]} 11. O-O {[%emt 0:01:03]} f5 {[%emt 0:02:38]} 12. Bd2 {[%emt 0:05:24]} Na6 {[%emt 0:21:04]} 13. f4 {[%emt 0:10:52]} Bf6 {[%emt 0:09:12]} 14. c3 {[%emt 0:08:49]} Nc5 {[%emt 0:06:21]} 15. Be3 {[%emt 0:09:13]} Ne4 {[%emt 0:02:26]} 16. Nxa7 {[%emt 0:16:04]} exf4 {[%emt 0:10:14]} 17. Bd4 {[%emt 0:00:48]} Bxd4+ {[%emt 0:01:35]} 18. Qxd4 {[%emt 0:00:08]} Nc5 {[%emt 0:00:10]} 19. Nxc8 {[%emt 0:01:12]} Nb3 {[%emt 0:06:22]} 20. Qb6 {[%emt 0:03:33]} Nxa1 {[%emt 0:01:51]} 21. Qxd8 {[%emt 0:00:23]} Rxd8 {[%emt 0:00:04]} 22. Nb6 {[%emt 0:00:52]} f3 {[%emt 0:02:16]} 23. Bb5 {[%emt 0:11:40]} Nb3 {[%emt 0:06:38]} 24. Nxa8 {[%emt 0:00:12]} fxg2 {[%emt 0:02:08]} 25. Rxf5 {[%emt 0:01:56]} Rxa8 {[%emt 0:00:27]} 26. Kxg2 {[%emt 0:02:48]} Rf8 {[%emt 0:01:25]} 27. Rf3 {[%emt 0:02:54]} Rxf3 {[%emt 0:01:51]} 28. Kxf3 {[%emt 0:00:06]} Kf7 {[%emt 0:00:07]} 29. Bd3 {[%emt 0:09:29]} g6 {[%emt 0:00:12]} 30. Ke3 {[%emt 0:04:46]} Kf6 {[%emt 0:05:14]} 31. Bc2 {[%emt 0:00:52]} Nc5 {[%emt 0:00:50]} 32. b4 {[%emt 0:00:17]} Nd7 {[%emt 0:00:14]} 33. Kd4 {[%emt 0:00:59]} h5 {[%emt 0:00:08]} 34. a5 {[%emt 0:06:59]} h4 {[%emt 0:02:21]} 35. Ba4 {[%emt 0:00:45]} Nb8 {[%emt 0:06:43]} 36. Bd1 {[%emt 0:00:40]} Nd7 {[%emt 0:02:48]} 37. Ba4 {[%emt 0:00:42]} Nb8 {[%emt 0:00:12]} 38. Bd1 {[%emt 0:00:04]} Nd7 {[%emt 0:00:06]} 39. Bg4 {[%emt 0:00:35]} Ne5 {[%emt 0:01:03]} 40. Bc8 {[%emt 0:02:08]} Ke7 {[%emt 0:02:23]} 41. Bxb7 {[%emt 0:06:02]} Kd8 {[%emt 0:04:07]} 42. Bc6 {[%emt 0:01:19]} Kc8 {[%emt 0:10:48]} 43. b5 {[%emt 0:01:57]} Nf3+ {[%emt 0:00:13]} 44. Ke3 {[%emt 0:01:29]} Ne5 {[%emt 0:00:42]} 45. Kd4 {[%emt 0:02:53]} Nf3+ {[%emt 0:00:22]} 46. Ke4 {[%emt 0:11:55]} Nd2+ {[%emt 0:01:52]} 47. Kf4 {[%emt 0:01:29]} Nc4 {[%emt 0:00:48]} 48. a6 {[%emt 0:00:17]} Kb8 49. Kg5 {[%emt 0:01:35]} Ka7 {[%emt 0:03:08]} 50. Kxh4 {[%emt 0:00:12]} Ne5 {[%emt 0:01:59]} 51. Kg5 {[%emt 0:01:19]} Kb6 {[%emt 0:01:04]} 52. h4 {[%emt 0:00:42]} Ka7 {[%emt 0:01:51]} 53. Be8 {[%emt 0:00:57]} Nf3+ {[%emt 0:00:33]} 54. Kxg6 {[%emt 0:00:52]} Nxh4+ {[%emt 0:00:06]} 55. Kf6 {[%emt 0:00:15]} Nf3 {[%emt 0:01:59]} 56. Ke7 {[%emt 0:01:32]} Nd2 {[%emt 0:00:55]} 57. Kxd6 {[%emt 0:00:39]} Ne4+ {[%emt 0:00:15]} 58. Ke5 {[%emt 0:01:03]} Nxc3 {[%emt 0:00:12]} 59. d6 {[%emt 0:00:22]} Na2 {[%emt 0:02:34]} 60. d7 {[%emt 0:00:35]} 1-0